Statistics for Countries With "Re" in Their Name

Click here to take the quiz!

General Stats

  • This quiz has been taken 149 times
    (93 since last reset)
  • The average score is 9 of 13

Answer Stats

% Correct
North AmericaDominican REpublic
84%
EuropeGREece
81%
EuropeIREland
79%
AfricaDemocratic REpublic of the Congo
75%
AsiaSouth KoREa
74%
EuropeCzech REpublic
73%
AsiaNorth KoREa
73%
North AmericaGREnada
71%
AfricaREpublic of the Congo
71%
AfricaCentral African REpublic
66%
North AmericaSt Vincent and the GREnadines
66%
AfricaEritREa
55%
AsiaSingapoRE
42%

Score Distribution

Percentile by Number Answered

Percent of People with Each Score

Your Score History

You have not taken this quiz since the last reset